书目信息 |
| 题名: |
概率论与数理统计学习指导
|
|
| 作者: | 林孔容 主编 | |
| 分册: | ||
| 出版信息: | 上海 同济大学出版社 2007.08 |
|
| 页数: | 216页 | |
| 开本: | 23cm | |
| 丛书名: | ||
| 单 册: | ||
| 中图分类: | O21 | |
| 科图分类: | ||
| 主题词: | 概率论--gai lu lun--高等学校--教学参考资料 , 数理统计--shu li tong ji--高等学校--教学参考资料 | |
| 电子资源: | ||
| ISBN: | 978-7-5608-3533-4 | |
| 000 | 01011nam0 2200265 450 | |
| 001 | 012007492218 | |
| 005 | 20071108141850.40 | |
| 010 | @a978-7-5608-3533-4@dCNY21.00 | |
| 100 | @a20071108d2007 km y0chiy0120 ea | |
| 101 | 0 | @achi |
| 102 | @aCN@b310000 | |
| 105 | @aa a 000yy | |
| 106 | @ar | |
| 200 | 1 | @a概率论与数理统计学习指导@Agai lu lun yu shu li tong ji xue xi zhi dao@f林孔容主编@Flin kong rong zhu bian |
| 210 | @a上海@c同济大学出版社@d2007.08 | |
| 215 | @a216页@c图@d23cm | |
| 300 | @a面向21世纪普通高等教育规划教材学习指导 | |
| 320 | @a有书目 (第216页)。 | |
| 330 | @a全书由随机事件与概率、随机变量及其分布、多维随机变量及其分布、随机变量的数字特征、大数定律与中心极限定理、数理统计的基本概念、参数估计、假设检验、回归分析等9章内容组成。 | |
| 606 | 0 | @a概率论@Agai lu lun@x高等学校@j教学参考资料 |
| 606 | 0 | @a数理统计@Ashu li tong ji@x高等学校@j教学参考资料 |
| 690 | @aO21@v4 | |
| 701 | 0 | @a林孔容@Alin kong rong@4主编 |
| 801 | 0 | @aCN@b@c20071108 |
| 905 | @b266606-08@dO21@eL505@f3 | |
| 概率论与数理统计学习指导/林孔容主编.-上海:同济大学出版社,2007.08 |
| 216页:图;23cm |
| 面向21世纪普通高等教育规划教材学习指导 |
| ISBN 978-7-5608-3533-4:CNY21.00 |
| 全书由随机事件与概率、随机变量及其分布、多维随机变量及其分布、随机变量的数字特征、大数定律与中心极限定理、数理统计的基本概念、参数估计、假设检验、回归分析等9章内容组成。 |
| ● |
| 相关链接 |
|
|
|
正题名:概率论与数理统计学习指导
索取号:O21/L505
 
预约/预借
| 序号 | 登录号 | 条形码 | 馆藏地/架位号 | 状态 | 备注 |
| 1 | 266606 | 202666061 | 自科库401/401自科库 46排4列2层/ [索取号:O21/L505] | 在馆 | |
| 2 | 266607 | 202666070 | 自科库401/401自科库 46排4列2层/ [索取号:O21/L505] | 在馆 | |
| 3 | 266608 | 202666089 | 自科库401/401自科库 46排4列2层/ [索取号:O21/L505] | 在馆 |